English Movie Titles in German - Statistics

General Stats
  • This quiz has been taken 54 times
  • The average score is 8 of 15
Answer Stats
Year German Title English Title % Correct
1985 Zurück in die Zukunft Back to the Future
78%
1977 Krieg der Sterne Star Wars
68%
1939 Vom Winde verweht Gone with the Wind
66%
2013 Die Eiskönigin – Völlig unverfroren Frozen
63%
1985 Die Farbe Lila The Color Purple
63%
1972 Der Pate The Godfather
59%
1991 Das Schweigen der Lämmer The Silence of the Lambs
56%
2003 Tatsächlich… Liebe Love Actually
51%
1975 Der weiße Hai Jaws
49%
1989 Der Club der toten Dichter Dead Poets Society
46%
1994 Vier Hochzeiten und ein Todesfall Four Weddings and a Funeral
34%
1952 Zwölf Uhr mittags High Noon
34%
1991 Vater der Braut Father of the Bride
32%
1958 Die Katze auf dem heißen Blechdach Cat on a Hot Tin Roof
29%
1964 Liebesgrüße aus Moskau From Russia with Love
29%
No matching quizzes found
Score Distribution
Percent of People with Each Score
Percentile by Number Answered
Your Score History
You have not taken this quiz